Honestly ben (Record no. 193593)

MARC details
000 -LEADER
fixed length control field 00364nam a22001577a 4500
005 - DATE AND TIME OF LATEST TRANSACTION
control field 20221206153936.0
010 ## - LCCN (DPL NO)
LC control number ENG-135596
020 ## - INTERNATIONAL STANDARD BOOK NUMBER
Terms of availability 499.00
International Standard Book Number 978-93-5471-102-2
035 ## - SYSTEM CONTROL NUMBER
System control number EN-119128
037 ## - SOURCE OF ACQUISITION
Source of stock number/acquisition DBAD/PUB
082 ## - DEWEY DECIMAL CLASSIFICATION NUMBER
Classification number N
245 ## - TITLE STATEMENT
Title Honestly ben
260 ## - PUBLICATION, DISTRIBUTION, ETC. (IMPRINT)
Date of publication, distribution, etc 2017
Name of publisher, distributor, etc Arthur A Levine Boks
300 ## - PHYSICAL DESCRIPTION
Extent v.p.
Dimensions 22cm(pbk)
942 ## - ADDED ENTRY ELEMENTS (KOHA)
Source of classification or shelving scheme Dewey Decimal Classification
Item type English Books
Call number suffix HON
Classification part N
Holdings
Withdrawn status Lost status Not for loan Collection code Home library Current library Date acquired Source of acquisition Cost, normal purchase price Full call number Barcode Copy number Cost, replacement price Koha item type
      Non-fiction Vinoba Puri Vinoba Puri 04/11/2022 DBAD/PUB 499.00 N KON EN-119128 1 499.00 English Books

© Delhi Public Library
Hit Counter
free hit counter